000 00356pab a2200157 454500
008 180718b2011 xxu||||| |||| 00| 0 eng d
100 _aKau, James B.
245 _aSubprime mortgage default
260 _c2011
300 _ap.75-87.
362 _aSep-Nov
650 _aHousing
773 _aJournal of Urban Economics
908 _aN
909 _a93861
999 _c93861
_d93861